Figuras cumbre del arte contemporáneo español. (Record no. 155560)
[ view plain ]
| 000 -LEADER | |
|---|---|
| campo de control de longitud fija | 01552nam a2200289 i 4500 |
| 001 - NÚMERO DE CONTROL | |
| campo de control | 155560 |
| 003 - IDENTIFICADOR DE NÚMERO DE CONTROL | |
| campo de control | ES-MaACL |
| 005 - FECHA Y HORA DE LA ÚLTIMA TRANSACCIÓN | |
| campo de control | 20251013193714.0 |
| 008 - DATOS DE LONGITUD FIJA--INFORMACIÓN GENERAL | |
| campo de control de longitud fija | 170619s1945 sp |||| | spa d |
| 080 ## - NÚMERO DE LA CLASIFICACIÓN DECIMAL UNIVERSAL | |
| Número de la Clasificación Decimal Universal | 7.036(460) |
| 245 00 - MENCIÓN DEL TÍTULO | |
| Título | Figuras cumbre del arte contemporáneo español. |
| Número de parte o sección de la obra | V. |
| 260 ## - PUBLICACIÓN, DISTRIBUCIÓN, ETC. | |
| Lugar de publicación, distribución, etc. | Barcelona : |
| Nombre del editor, distribuidor, etc. | Archivo de Arte, |
| Fecha de publicación, distribución, etc. | [1945?] |
| 300 ## - DESCRIPCIÓN FÍSICA | |
| Extensión | 1 v. : |
| Otras características físicas | pricipalmente il. col. ; |
| Dimensiones | 34 cm. |
| 505 8# - NOTA DE CONTENIDO CON FORMATO | |
| Nota de contenido con formato | Contiene: J. Sorolla / Bernardino de Pantorba (10 h. de lám., 1 retr., 4 h. de texto) . F. Pons Arnau / Bernardino de Pantorba (10 h. de lám., 1 retr., 4 h. de texto) . I. Zuloaga / Bernardino de Pantorba (10 h. de lám., 1 retr., 4 h. de texto) . Ismael Blat / Marqués de Lozoya (10 h. de lám., 1 retr., 4 h. de texto) . J. Gutiérrez Solana / Bernardirno de Pantorba (10 h. de lám., 1 retr., 4 h. de texto) |
| 594 ## - Nota al título y mención de responsabilidad | |
| Nota al título y mención de responsabilidad | Cada artista con retrato y reproducción de obras en lám. col. y n., montadas sobre papel; más 4 h. con texto de presentación. |
| 600 14 - PUNTO DE ACCESO ADICIONAL DE MATERIA--NOMBRE DE PERSONA | |
| Nombre de persona | Sorolla, Joaquín, |
| Fechas asociadas al nombre | 1863-1923 |
| 9 (RLIN) | 107418 |
| 600 14 - PUNTO DE ACCESO ADICIONAL DE MATERIA--NOMBRE DE PERSONA | |
| Nombre de persona | Pons Arnau, Francisco. |
| 9 (RLIN) | 163083 |
| 600 14 - PUNTO DE ACCESO ADICIONAL DE MATERIA--NOMBRE DE PERSONA | |
| Nombre de persona | Zuloaga, Ignacio. |
| 9 (RLIN) | 118463 |
| 600 17 - PUNTO DE ACCESO ADICIONAL DE MATERIA--NOMBRE DE PERSONA | |
| Nombre de persona | Blat, Ismael, |
| Fechas asociadas al nombre | 1901-1976 |
| Fuente del encabezamiento o término | |
| 9 (RLIN) | 163084 |
| 600 17 - PUNTO DE ACCESO ADICIONAL DE MATERIA--NOMBRE DE PERSONA | |
| Nombre de persona | Gutiérrez Solana, José, |
| Fechas asociadas al nombre | 1886-1945 |
| Fuente del encabezamiento o término | embne |
| 9 (RLIN) | 61225 |
| 650 #4 - PUNTO DE ACCESO ADICIONAL DE MATERIA--TÉRMINO DE MATERIA | |
| Término de materia o nombre geográfico como elemento de entrada | Arte español- |
| Subdivisión cronológica | S.XX. |
| 9 (RLIN) | 10202 |
| 650 #4 - PUNTO DE ACCESO ADICIONAL DE MATERIA--TÉRMINO DE MATERIA | |
| Término de materia o nombre geográfico como elemento de entrada | Pintura española- |
| Subdivisión cronológica | S.XX. |
| 9 (RLIN) | 16042 |
| 700 1# - ENTRADA AGREGADA--NOMBRE PERSONAL | |
| Nombre de persona | Pantorba, Bernardino de, |
| Fechas asociadas al nombre | 1896-1990 |
| 9 (RLIN) | 88829 |
| 700 1# - ENTRADA AGREGADA--NOMBRE PERSONAL | |
| Nombre de persona | Lozoya, Juan de Contreras y López de Ayala, |
| Títulos y otros términos asociados al nombre | Marqués de, |
| Fechas asociadas al nombre | 1893-1978 |
| 9 (RLIN) | 129112 |
| 852 4# - LOCALIZACIÓN | |
| Ubicación | ES-MaACL |
| Número de control de estantería | B-2917 |
| Estatus retirado | Estado de pérdida | Estado de daño | No para préstamo | Biblioteca de origen | Biblioteca actual | Ubicación en estantería | Fecha de adquisición | Fuente de adquisición | Total de préstamos | Signatura topográfica completa | Código de barras | Visto por última vez | Precio de reemplazo | Tipo de ítem Koha |
|---|---|---|---|---|---|---|---|---|---|---|---|---|---|---|
| Biblioteca del Ateneo de Madrid | Biblioteca del Ateneo de Madrid | Sala Pardo Bazán | 19/06/2017 | B-2917 | 1197748 | 23/02/2023 | 23/02/2023 | Libro impreso |
